Urban and Regional Planning in India (Record no. 11875)

000 -LEADER
fixed length control field 00493nam a22001697a 4500
003 - CONTROL NUMBER IDENTIFIER
control field OSt
005 - DATE AND TIME OF LATEST TRANSACTION
control field 20231027123026.0
008 - FIXED-LENGTH DATA ELEMENTS--GENERAL INFORMATION
fixed length control field 231027b ||||| |||| 00| 0 eng d
020 ## - INTERNATIONAL STANDARD BOOK NUMBER
International Standard Book Number 9788132106975
082 ## - DEWEY DECIMAL CLASSIFICATION NUMBER
Edition number 23rd
Classification number 307.12160954
Item number KUL
100 ## - MAIN ENTRY--PERSONAL NAME
Personal name Kulshrestha,S.K
Dates associated with a name 2012
245 ## - TITLE STATEMENT
Title Urban and Regional Planning in India
Remainder of title A Handbook for Professional Practice
260 ## - PUBLICATION, DISTRIBUTION, ETC. (IMPRINT)
Place of publication, distribution, etc New Delhi
Name of publisher, distributor, etc Sage Publications
Date of publication, distribution, etc 2012
300 ## - PHYSICAL DESCRIPTION
Extent xix,299p.:
Dimensions 30cm.
650 ## - SUBJECT ADDED ENTRY--TOPICAL TERM
Source of heading or term Professional Ethics
942 ## - ADDED ENTRY ELEMENTS (KOHA)
Source of classification or shelving scheme
Holdings
Withdrawn status Lost status Source of classification or shelving scheme Damaged status Koha normalized classification for sorting Not for loan Permanent location Current location Shelving location Date acquired Cost, normal purchase price Total Checkouts Full call number Barcode Date last seen Date last borrowed Price effective from Koha item type
        307_121609540000000_KUL   BMS College of Architecture, Design and Planning BMS College of Architecture, Design and Planning General Stacks 2023-10-27 950.00 1 307.12160954 KUL CL-UG69318 2024-02-22 2024-02-19 2023-10-27 UG Books from CL
Copyright © 2025, The Librarian, Library and Information Centre, BMSCA D&P, Bengaluru. All Rights Reserved
web counter

Powered by Koha